| 000 | 00641nam a22001937a 4500 | ||
|---|---|---|---|
| 999 |
_c189519 _d189519 |
||
| 005 | 20220704125418.0 | ||
| 010 | _aUR-11620 | ||
| 020 |
_a9789391238148 _c25.00 |
||
| 035 | _aU-10175 | ||
| 037 |
_bDBAD/PUB _a- |
||
| 082 | _a841 | ||
| 245 |
_aنواۓ آرزو / _cترتیب و تہذیب - شاہد اقبال _hا ر د و |
||
| 246 |
_aNawa-E-Aarzoo / _bcompiled by Shahid Iqbal |
||
| 260 |
_aNew Delhi _bEducational Publishing House _c2021 ء |
||
| 270 |
_aH.O. D1/16, Ansari Road, Daryaganj _bNew Delhi _e110002 |
||
| 300 |
_a96 ص _c22cm(pbk) |
||
| 700 | _aشاہد اقبال | ||
| 942 |
_2ddc _cUR _h841 _mن و ا |
||